000 00201nam a22000857a 4500
008 161015b xxu||||| |||| 00| 0 eng d
100 _9855
_aVikas
245 _aShapes
260 _aMumbai
_bNavneet Publications
999 _c3507
_d3507